Remedies for Torts and Breach of Contract : (Record no. 619877)

MARC details
000 -LEADER
fixed length control field 00511nam a2200181 a 4500
008 - FIXED-LENGTH DATA ELEMENTS--GENERAL INFORMATION
fixed length control field 260424s2004##################000#0#eng##
020 ## - INTERNATIONAL STANDARD BOOK NUMBER
ISBN 9780406977267
082 04 - DEWEY DECIMAL CLASSIFICATION NUMBER
Classification number 344.2063BUR
100 1# - MAIN ENTRY--AUTHOR NAME
Personal name Burrows, Andrew S.,
245 10 - TITLE STATEMENT
Title Remedies for Torts and Breach of Contract :
260 ## - PUBLICATION, DISTRIBUTION, ETC. (IMPRINT)
Name of publisher Oxford University Press, USA,
Year of publication 2004.
650 #0 - SUBJECT ADDED ENTRY--TOPICAL TERM
Topical Term Breach of contract.
942 ## - ADDED ENTRY ELEMENTS (KOHA)
Koha item type English Books
Holdings
Withdrawn status Lost status Damaged status Not for loan Home library Current library Date acquired Full call number Accession Number Price effective from Koha item type
        Anna Centenary Library Anna Centenary Library 24.04.2026 344.2063BUR 141135 24.04.2026 English Books

Find us on the map